Normal view
MARC view
- Muhammad Khizar, Mohib Ur Rab, Muhammad Waqas, Muhammad Adnan, Ali Saad Ullah
Entry Topical Term
001 - CONTROL NUMBER
- control field: 47662
003 - CONTROL NUMBER IDENTIFIER
- control field: NUST
005 - DATE AND TIME OF LATEST TRANSACTION
- control field: 20210314133857.0
008 - FIXED-LENGTH DATA ELEMENTS
- fixed length control field: 210314|| aca||aabn | a|a d
040 ## - CATALOGING SOURCE
- Original cataloging agency: NUST
- Transcribing agency: NUST
150 ## - HEADING--TOPICAL TERM
- Topical term or geographic name entry element: Muhammad Khizar, Mohib Ur Rab, Muhammad Waqas, Muhammad Adnan, Ali Saad Ullah
670 ## - SOURCE DATA FOUND
- Source citation: Work cat.: (NUST): Muhammad Khizar 47661, Study of mechanical properties of concrete using carbon nanotubes, 2013
